Word Ladder: Organ to Grind? Quiz Stats

 Plays Quiz Updated Jan 6, 2013

Support Sporcle.
Go Orange.
Score 0/36 Timer 05:00
2 Plays Today
Clue 5-Letter Word % Correct
Scuba enthusiastDIVER
95.2%
Subtraction symbolMINUS
94.2%
Diamond pitsMINES
90.6%
Charlie Brown's best friendLINUS
89.2%
Cirrhosis siteLIVER
88.8%
It's full of vitamins & delicious with onionsLIVER
88.8%
Sleazy bars and hangoutsDIVES
88.7%
Band: '___ of Leon'KINGS
88.2%
Makes like a canarySINGS
87.3%
Name-O of a song dogBINGO
85.9%
Dressed to the ___NINES
85.1%
Slightly scorch somethingSINGE
84.2%
Small drumBONGO
82.7%
A benderBINGE
80.5%
RepairsFIXES
80.4%
A golf courseLINKS
77.3%
They have pictures of LincolnFIVES
76.7%
He who puts aside for a rainy daySAVER
76.6%
Clue 5-Letter Word % Correct
Band that sang 'Lola' with TheKINKS
76%
Smoking devicesBONGS
75.1%
Less messed up in the headSANER
73.4%
4-time Wimbledon champ RodLAVER
72.2%
Puts the kibosh onNIXES
71.8%
It starts out as wood pulpPAPER
65.9%
TV Drama staring Emily DeschanelBONES
64.7%
One of 11 in the '12 Days of Christmas'PIPER
64%
Prepared an apple for a pieCORED
62.8%
A junior motorcycleMOPED
58.7%
Full of ennuiBORED
56.8%
Prepared troutBONED
56.1%
Dealt with something unpleasantCOPED
51.9%
Someone who just hangs out, sadlyMOPER
50.9%
Not as greenRIPER
45%
The guy who repairs your rattanCANER
41.3%
Famous pollster ElmoROPER
40.1%
A tasty pickled flower budCAPER
38.9%

Today's Daily Dose

Quick Pick
Nissan Models

Get the Picture
Amazing Trees

From the Vault

Past 5 Opening Day Quarterbacks

by kassierae23

Sports 7m
There's a joke about the Browns here somewhere.
Remove Ads.
Support Sporcle.
Get the best of Sporcle when you Go Orange. This ad-free experience offers more features, more stats, and more fun while also helping to support Sporcle. Thank you for becoming a member.

Show Comments

Extras

Top Quizzes Today


Score Distribution

Your Account Isn't Verified!

In order to create a playlist on Sporcle, you need to verify the email address you used during registration. Go to your Sporcle Settings to finish the process.

Report this User

Report this user for behavior that violates our Community Guidelines.

Details: